S2 : dates Histoire Ancienne - Statistiques

Statistiques générales
  • Ce quiz a été pris 6 fois
  • Le résultat moyen est 33 sur 183
Statistiques - réponses
Événement Date % Correct
État d’urgence décrété par le Sénat/Répression violente contre Caius Gracchus et ses partisans (massacre de l’Aventin). 121 av JC
67%
Bataille de Pydna 168 av JC
67%
Bataille de Zama 202 av JC
67%
Alliance entre Hannibal et Philippe V de Macédoine 215 av JC
67%
Octave devient Auguste, début du Principat | Octave reçoit le surnom d’Auguste 27 av JC
67%
Bataille d’Actium (victoire d’Octave contre Antoine et Cléopâtre) 31 av JC
67%
Fin de la monarchie, début de la République | Soulèvement mené par Lucius Junius Brutus et Lucius Tarquinius Collatinus, expulsion de Tarquin le Superbe | soulèvement contre Tarquin | traité Rome-Carthage et inauguration du temple de Jupiter Capitolin 509 av JC
67%
Fondation mythique de Rome par Romulus 753 av JC
67%
Assassinat de Drusus / Début de la guerre sociale 91 av JC
67%
Victoire de Marius contre Jugurtha / Marius célèbre son triomphe 105 av JC
33%
Marius est consul / Réforme militaire (suppression du critère censitaire pour le recrutement) 107 av JC
33%
Marius est tribun de la plèbe. 119 av JC
33%
Modification de la composition des jurés dans les tribunaux 122 av JC
33%
Caius Gracchus est élu tribun de la plèbe. 123 av JC
33%
Tiberius Gracchus est tribun de la plèbe/Assassinat de Tiberius par des sénateurs/Lex Sempronia agraire. 133 av JC
33%
Construction de l’Aqua Marcia 144 av JC
33%
Création de la province de Macédoine | Destruction de Corinthe | Prise et destruction de Carthage 146 av JC
33%
Troisième guerre punique 149-146 av JC
33%
Lex Villia Annalis (cursus honorum) 180 av JC
33%
Bataille de Cynoscéphales (deuxième guerre de Macédoine) 197 av JC
33%
Débarquement romain à Utique 204 av JC
33%
Scipion devient consul 205 av JC
33%
Prise de Carthagène 209 av JC
33%
Bataille de Cannes 216 av JC
33%
Bataille du lac Trasimène 217 av JC
33%
Deuxième guerre punique 218-202 av JC
33%
Bataille de la Trébie | Bataille du Tessin | Loi Claudia (interdiction des activités financières pour les sénateurs) | Marche d’Hannibal vers l’Italie 218 av JC
33%
Prise de Sagonte par Hannibal 219 av JC
33%
Traité de l’Èbre 226 av JC
33%
Création des provinces de Corse et Sardaigne 227 av JC
33%
Bataille des Îles Égates, capitulation de Carthage | Création de la province de Sicile 241 av JC
33%
Défaite de Tunis 255 av JC
33%
Débarquement romain au Cap Bon 256 av JC
33%
Victoire navale de Mylae 260 av JC
33%
Première guerre punique 264-241 av JC
33%
Loi Hortensia (valeur de loi pour les plébiscites) 287 av JC
33%
Lex Ogulnia, accès aux collèges des pontifes et des augures 300 av JC
33%
Accès à la préture 337 av JC
33%
Accès à la censure | Lex Publilia (nécessaire aval du Sénat pour les lois) 339 av JC
33%
Fin officielle du deuxième triumvirat 33 av JC
33%
Guerre latine 340-338 av JC
33%
Loi Genucia (10 ans d’intervalle entre deux magistratures curules ?) 342 av JC
33%
Première guerre samnite 343-341 av JC
33%
Accès à la dictature 356 av JC
33%
Accès au collège des viri sacris faciundis 367 av JC
33%
Bataille de Nauloque, défaite de Sextus Pompée 36 av JC
33%
Prise de Rome par les Gaulois | prise de Rome par les Gaulois 387 av JC
33%
Bataille de Philippes (défaite de Brutus et Cassius) 42 av JC
33%
Deuxième triumvirat (Antoine, Octave, Lépide) / mort de Cicéron | Mort de Cicéron 43 av JC
33%
César dictateur à vie / assassinat aux Ides de mars 44 av JC
33%
César consul unique / victoire à Munda 45 av JC
33%
César consul, dictateur pour 10 ans / préfecture des mœurs / victoire à Thapsus 46 av JC
33%
Chute de l’Empire romain d’Occident 476 ap JC
33%
Défaite du Crémère (mort des 306 Fabii) 477 av JC
33%
César dictateur / potestas tribunicienne 47 av JC
33%
Bataille de Pharsale / César consul 48 av JC
33%
Franchissement du Rubicon / Début de la guerre civile / César dictateur 49 av JC
33%
Défaite de Tarquin à Aricie contre Cumes | défaite de Tarquin à Aricie 504 av JC
33%
Bataille d’Alésia, victoire de César 52 av JC
33%
Mort de Crassus à Carrhes 53 av JC
33%
Mort de Julie (fille de César, épouse de Pompée) 54 av JC
33%
Conjuration de Catilina / Cicéron consul / César grand pontife 63 av JC
33%
Lex Gabinia => imperium proconsulaire contre les pirates 67 av JC
33%
Deuxième triomphe + consulat de Pompée | Lex Aurelia réformant les tribunaux | Procès contre Verrès 70 av JC
33%
Victoire contre les esclaves de Spartacus (avec Crassus) 71 av JC
33%
Victoire de Pompée contre Sertorius en Hispanie 72 av JC
33%
Sylla abdique volontairement / Fin officielle de la dictature / Premier triomphe de Pompée (à 25 ans) 81 av JC
33%
Bataille de la Porte Colline / Victoire de Sylla sur les marianistes / Début de la dictature de Sylla 82 av JC
33%
Retour de Sylla avec le soutien de Crassus et Pompée 83 av JC
33%
Début de l’âge du fer, occupation permanente des collines de Rome 1000 av JC
0%
Marius est consul 5 années consécutives 104–100 av JC
0%
Naissance de Cicéron 106 av JC
0%
Soulèvement des esclaves d’Enna en Sicile (1ère guerre servile). 140–132 av JC
0%
Révolte d’Andriscos 149-148 av JC
0%
Lex Calpurnia sur la restitution des biens extorqués 149 av JC
0%
Troisième guerre de Macédoine 172-168 av JC
0%
Il y a environ 25 colonies latines 184 av JC
0%
Paix d’Apamée 188 av JC
0%
Découverte du Lapis Niger par Boni 1899
0%
Guerre antiochique 192-188 av JC
0%
Victoires romaines en Espagne 210-209 av JC
0%
Prise de Capoue 211 av JC
0%
Siège et prise de Syracuse 212-211 av JC
0%
Fondation de Carthago Nova 227-226 av JC
0%
Guerre des Mercenaires 241-238 av JC
0%
Guerre d’usure en Sicile menée par Hamilcar Barca 247-241 av JC
0%
Prise de Velzna 264 av JC
0%
Siège et prise de Tarente 272 av JC
0%
Fondation de la colonie de Cosa 273 av JC
0%
Exclusion de P. Cornelius Rufinus du Sénat par le censeur Fabricius 275 av JC
0%
Troisième guerre samnite 298-290 av JC
0%
Premières structures urbaines (pavement du Vélabre, forum, comitium) 2ème moitié du VIIe av JC
0%
réformes d’Appius Claudius 312 av JC
0%
Lex Ovinia (désignation du Sénat) 318 av JC
0%
Défaite des Fourches Caudines 321 av JC
0%
Deuxième guerre samnite 326-304 av JC
0%
Traité avec Naples (Foedus Aequum) 326 av JC
0%
Accès à l’édilité curule 364 av JC
0%
L. Sextius devient consul 366 av JC
0%
Tribune de C. Licinius Stolo et L. Sextius Sextinus Lateranus 376-367 av JC
0%
Invasion gauloise, bataille de l’Allia, prise de Rome | bataille de l’Allia 390 av JC
0%
Prise de Véies par Rome 396 av JC
0%
organisation centuriate censitaire 400 av JC
0%
Guerre contre Véies | Guerre de dix ans contre Véies 406-396 av JC
0%
Création de la censure 443 av JC
0%
Création du tribunat militaire à pouvoir consulaire | tribunat militaire à pouvoir consulaire 444 av JC
0%
Seconde sécession de la plèbe | seconde sécession de la plèbe 449 av JC
0%
Second décemvirat, avec les « dix Tarquins » (dont Appius Claudius) 450 av JC
0%
loi des XII Tables 451-450 av JC
0%
Premier décemvirat législatif (rédaction de la loi des XII Tables) 451 av JC
0%
Loi de C. Terentilius Harsa visant à encadrer le pouvoir consulaire | loi de C. Terentilius Harsa) 462 av JC
0%
Lex Publilia Voleronis – élection des tribuns de la plèbe par le concile de la plèbe | lex Publilia Voleronis 471 av JC
0%
Défaite des Étrusques face à Cumes et Syracuse à la bataille de Cumes | bataille de Cumes 474 av JC
0%
Défaite des Étrusques à Himère | défaite d’Himère 480 av JC
0%
aucun temple construit 484-433 av JC
0%
Première guerre contre Véies 484 av JC
0%
Foedus Cassianum 493 av JC
0%
Sécession de la plèbe sur l’Aventin ou le Mont Sacré | sécession de la plèbe 494 av JC
0%
17 tribus rustiques 495 av JC
0%
Défaite de Tarquin et des cités latines au lac Régille 499/496 av JC
0%
Porsenna chasse Tarquin et prend le pouvoir | règne de Porsenna 510-504 av JC
0%
Chute de la tyrannie d’Hippias en Grèce | Destruction de Sybaris (repli de la puissance étrusque) | destruction de Sybaris 510 av JC
0%
temples d’Hercule et Fortuna 530 av JC
0%
règne de Tarquin le Superbe 535-509 av JC
0%
règne de Servius Tullius 578-535 av JC
0%
César consul 59 av JC
0%
Premier triumvirat (Pompée, César, Crassus) 60 av JC
0%
règne de Tarquin l’Ancien 616-578 av JC
0%
début de la période des rois étrusques 616 av JC
0%
Troisième triomphe de Pompée 61 av JC
0%
règne d’Ancus Marcius 642-616 av JC
0%
règne de Tullius Hostilius 673-642 av JC
0%
Cicéron édile 69 av JC
0%
règne de Numa Pompilius 717-673
0%
Fondation de Syracuse 734 av JC
0%
Propréteur de Sicile, Verrès, accusé de corruption 73-71 av JC
0%
règne de Romulus 753-717 av JC
0%
Fondation de Pithécusses (Ischia) 770 av JC
0%
Éruption du Vésuve 79 ap JC
0%
Dictature constituante de Sylla, sans limitation de durée. 82-81 av JC
0%
Marius et ses partisans reprennent le pouvoir à Rome. 87-83 av JC
0%
Sylla est consul / Guerre contre Mithridate VI / Sylla marche sur Rome pour reprendre le commandement confié à Marius. 88 av JXX
0%
Guerre sociale / Violences et destructions massives en Italie 91–88 av JC
0%
Augmentation du nombre de sénateurs à 600 sous Sylla début Ier av JC
0%
Lois tabellaires (vote secret) Dernier tiers IIe av JC
0%
L’ager Romanus atteint 27 000 km² et 1 million d’habitants Fin IIIe av JC
0%
Construction des murs “romuléens” et culte de Jupiter Férétrien Fin VIIIe av JC
0%
80 000 à 100 000 alliés mobilisés chaque année | Théorie de la constitution mixte (Polybe) IIe av JC
0%
Apparition des comices tributes IVe av JC
0%
Inscription du Lapis Niger, confirmation archéologique d’un "rex" | affirmation étrusque sur l’Italie VIe av JC
0%
Présence de tombes aristocratiques (Ficana) VIII-VIIe av JC
0%
Mise en place des structures urbaines (forum, comitium, pavements) VII-VIe av JC
0%
Premières traces d’occupation (âge du bronze récent) XIV-XIIIe av JC
0%
Aucun quiz correspondant
Distribution des résultats
% des personnes avec chaque résultat
Percentile par nombre de réponses
Votre historique - résultats
Vous n’avez pas pris ce quiz